Statistics for BABYMONSTER Members Picture Quiz

Click here to take the quiz!

General Stats

  • This quiz has been taken 101 times
  • The average score is 7 of 7

Answer Stats

Answer% Correct
Ahyeon
96%
Asa
96%
Chiquita
96%
Rami
95%
Pharita
93%
Rora
91%
Ruka
90%

Score Distribution

Percentile by Number Answered

Percent of People with Each Score

Your Score History

You have not taken this quiz